<?xml version="1.0" encoding="UTF-8"?>
<record
    xmlns:xsi="http://www.w3.org/2001/XMLSchema-instance"
    xsi:schemaLocation="http://www.loc.gov/MARC21/slim http://www.loc.gov/standards/marcxml/schema/MARC21slim.xsd"
    xmlns="http://www.loc.gov/MARC21/slim">

  <leader>02879nac a22002771u 4500</leader>
  <datafield tag="090" ind1=" " ind2=" ">
    <subfield code="c">2784</subfield>
  </datafield>
  <controlfield tag="008">080806t        xxu||||| |||| 00| 0 eng d</controlfield>
  <datafield tag="010" ind1=" " ind2=" ">
    <subfield code="a">  2005026414</subfield>
  </datafield>
  <datafield tag="020" ind1=" " ind2=" ">
    <subfield code="a">0415378168 (hard cover)</subfield>
  </datafield>
  <datafield tag="020" ind1=" " ind2=" ">
    <subfield code="a">0415378176 (soft cover)</subfield>
  </datafield>
  <datafield tag="082" ind1="0" ind2="0">
    <subfield code="a">658.406</subfield>
    <subfield code="b">C656</subfield>
  </datafield>
  <datafield tag="100" ind1=" " ind2=" ">
    <subfield code="a">Coghlan, David.              </subfield>
  </datafield>
  <datafield tag="245" ind1="1" ind2="0">
    <subfield code="a">Organizational change and strategy :</subfield>
    <subfield code="b">an interlevel dynamics approach /</subfield>
    <subfield code="c">David Coghlan and Nicholas S. Rashford.</subfield>
  </datafield>
  <datafield tag="250" ind1=" " ind2=" ">
    <subfield code="a">1st ed.</subfield>
  </datafield>
  <datafield tag="260" ind1=" " ind2=" ">
    <subfield code="a">New York, NY :</subfield>
    <subfield code="b">Routledge,2006.</subfield>
    <subfield code="c">2006.</subfield>
  </datafield>
  <datafield tag="300" ind1=" " ind2=" ">
    <subfield code="a">xxi, 234 p. :</subfield>
    <subfield code="b"> ill. ;</subfield>
    <subfield code="c"> 24 cm.</subfield>
  </datafield>
  <datafield tag="504" ind1=" " ind2=" ">
    <subfield code="a">Includes bibliographical references and index.</subfield>
  </datafield>
  <datafield tag="505" ind1="0" ind2=" ">
    <subfield code="a">Levels and interlevels --Organizational levels: Theory and practice -- Action research activity 1.1 -- Case: Omega Foundation -- Interlevel dynamics -- Action research activity 2.1 -- Action research activity 2.2 -- Case: the IT investment -- Case: interlevel dynamics in extended manufacturing enterprise -- Interlevel change -- The process of learning and change -- Action research activity 3.1 -- Case: the failed acquisition -- The interlevel dynamics of large system change -- Action research activity 4.1 -- Case: Saint Joseph's University -- Phases and levels of change -- Action research activity 5.1 -- Case: A T&amp;T long lines division -- Case: Saint Joseph's University -- The strategy process through interlevel change -- Introduction to strategy and the five strategic foci -- Framing the corporate picture -- Action research activity 7.1 -- Action research activity 7.2 -- Case: ABC Insurance company -- Case: Saint Joseph's University -- Naming the corporate words -- Action research activity 8.1 -- Action research activity 8.2 -- Case: ABC Insurance company -- Case: Diaz Steel Group -- Doing corporate analysis -- Action research activity 9.1 -- Action research activity 9.2 -- Case: Verticalnet -- Case: ABC Insurance company -- Choosing and implementing corporate actions -- Action research activity 10.1 -- Action research activity 10.2 -- Case: ABC Insurance company -- Case: Saint Joseph's University -- Evaluating corporate actions -- Action research activity 11.1 -- Action research activity 11.2 -- Case: ABC Insurance company -- Case: Exportadora Subsole S.A -- The relationships between the five strategic foci -- Integration -- The great Atlantic and Pacific Team Company case.</subfield>
  </datafield>
  <datafield tag="650" ind1=" " ind2="0">
    <subfield code="a">Organizational change.</subfield>
  </datafield>
  <datafield tag="650" ind1=" " ind2="0">
    <subfield code="a">Communication in organizations.</subfield>
  </datafield>
  <datafield tag="700" ind1="1" ind2=" ">
    <subfield code="a">Rashford, Nicholas S.</subfield>
  </datafield>
  <datafield tag="856" ind1="4" ind2="1">
    <subfield code="3">Table of contents only</subfield>
    <subfield code="u">http://www.loc.gov/catdir/toc/ecip0519/2005026414.html</subfield>
  </datafield>
  <datafield tag="856" ind1="4" ind2="1">
    <subfield code="3">Publisher description</subfield>
    <subfield code="u">http://www.loc.gov/catdir/enhancements/fy0659/2005026414-d.html</subfield>
  </datafield>
  <datafield tag="942" ind1=" " ind2=" ">
    <subfield code="c">BB</subfield>
    <subfield code="k">658.406C656</subfield>
    <subfield code="2">ddc</subfield>
  </datafield>
  <datafield tag="999" ind1=" " ind2=" ">
    <subfield code="c">2784</subfield>
    <subfield code="d">2784</subfield>
  </datafield>
  <datafield tag="952" ind1=" " ind2=" ">
    <subfield code="0">0</subfield>
    <subfield code="1">0</subfield>
    <subfield code="4">0</subfield>
    <subfield code="7">0</subfield>
    <subfield code="a">MAIN</subfield>
    <subfield code="b">MAIN</subfield>
    <subfield code="c">1ST</subfield>
    <subfield code="d">2007-03-05</subfield>
    <subfield code="e">Purchase</subfield>
    <subfield code="l">6</subfield>
    <subfield code="m">4</subfield>
    <subfield code="o">658.406 COG</subfield>
    <subfield code="p">000001299</subfield>
    <subfield code="r">2025-07-15 00:00:00</subfield>
    <subfield code="s">2014-11-27</subfield>
    <subfield code="y">BB</subfield>
  </datafield>
</record>
